000 01421 a2200301 4500
003 Nust
005 20170207152517.0
010 _a 2004302046
020 _a0471671703
035 _a(OCoLC)ocm56078130
040 _cNust
082 0 4 _a621.3827
100 1 _aZheng, Jun,
245 1 0 _aOptical WDM networks :
_bconcepts and design principles /
_cJun Zheng, Hussein T. Mouftah.
260 _a[Piscataway, NJ] :
_bIEEE Press ;
_aHoboken, NJ :
_bWiley-Interscience,
_cc2004.
300 _axv, 290 p. :
_bill. ;
_c25 cm.
505 _aIntroduction (Page-1), Fundamentals of WDM Networks Devices (Page-23), Routing and Wavelength Assignment (Page-45),Virtual Topology Design (Page-89), Distributed Lightpath Establishment (Page-131), Optical Layer Survivability (Page-165),IP over WDM (Page-211), Future Trands in Optical Networks (Page-251),
538 _aAlmirah No.27 Shelf No.2
650 0 _aFiber optics.
650 0 _aMultiplexing.
650 0 _aOptical communications.
650 0 _aRouters (Computer networks)
650 0 _aWavelength division multiplexing.
700 1 _aMouftah, Hussein T.
856 4 2 _3Contributor biographical information
_uhttp://www.loc.gov/catdir/enhancements/fy0620/2004302046-b.html
856 4 2 _3Publisher description
_uhttp://www.loc.gov/catdir/enhancements/fy0620/2004302046-d.html
856 4 2 _3Table of contents only
_uhttp://www.loc.gov/catdir/enhancements/fy0620/2004302046-t.html
942 _cREF
999 _c176099
_d176099